000 00522cam a22002171 4500
001 sa 65007972
003 DLC
005 20260227112152.0
008 890525s1965 ii 000 0 hino
010 _asa 65007972
035 _a(OCoLC)19765023
040 _aDLC
_cWaU
_dDLC
042 _apremarc
050 0 0 _aPK3797
_b.D9
100 1 _aDvivedī, Hajārīprasāda.
245 1 0 _aKālidāsa kī lālitya-yojanā.
260 _c[1965]
300 _a160 p.
_c23 cm.
500 _aIn Hindi.
600 0 0 _aKālidāsa.
999 _c65450
_d65450